[Event "Ekaterinburg 09"]
[Site "Ekaterinburg"]
[Date "2008.09.15"]
[Round "1"]
[White "Bunkov, Sergey"]
[Black "Karayev, Assylkhan"]
[Result "0-1"]
[WhiteElo "2364"]
[BlackElo "2261"]
[PlyCount "76"]
[EventDate "2008.09.15"]
[EventType "tourn"]
[EventRounds "11"]
[EventCountry "RUS"]
[EventCategory "1"]
[SourceTitle "EXT 2010"]
[Source "ChessBase"]
[SourceDate "2010.11.25"]
[SourceVersion "1"]
[SourceVersionDate "2010.11.25"]
[SourceQuality "1"]

1. e4 e5 2. d4 exd4 3. Qxd4 Nc6 4. Qe3 Nf6 5. Bd2 Bb4 6. Nc3 0-0 7. 0-0-0 Re8 8. f3 d5 9. Qg5 h6 10. Qh4 d4 11. Nd5 Nxd5 12. Qxd8 Rxd8 13. exd5 Rxd5 14. Bxb4 Nxb4 15. a3 Nc6 16. c3 Bf5 17. Ne2 Rad8 18. Nf4 Rc5 19. c4 a5 20. Kd2 Ne5 21. Rc1 a4 22. Nd5 Be6 23. Bd3 c6 24. Nb6 Ra5 25. Rhe1 Nxd3 26. Kxd3 c5 27. Re5 Rd6 28. Nc8 Rda6 29. Ne7+ Kf8 30. Nd5 f6 31. Re2 b5 32. cxb5 Rxb5 33. Nf4 Rb3+ 34. Ke4 g5 35. Nd5 Bd7 36. Nc7 Rc6 37. Kd5 Rxc7 38. Kd6 Ra7 0-1

[Event "Zudov Memorial-B 4th"]
[Site "Nizhnij Tagil"]
[Date "2008.07.16"]
[Round "9"]
[White "Bunkov, Sergey"]
[Black "Grebenschikov, Vladimir"]
[Result "0-1"]
[WhiteElo "2364"]
[BlackElo "2282"]
[PlyCount "92"]
[EventDate "2008.07.07"]
[EventType "tourn"]
[EventRounds "9"]
[EventCountry "RUS"]
[SourceTitle "EXT 2022"]
[Source "ChessBase"]
[SourceDate "2021.10.06"]
[SourceVersion "1"]
[SourceVersionDate "2021.10.06"]
[SourceQuality "1"]

1. d4 Nf6 2. Nf3 e6 3. Bg5 c5 4. e3 Qb6 5. Qc1 Ne4 6. c3 Nxg5 7. Nxg5 Be7 8. Nf3 Nc6 9. Nbd2 d5 10. Bd3 Bd7 11. 0-0 a5 12. dxc5 Qxc5 13. e4 0-0 14. exd5 Qxd5 15. Qc2 g6 16. Rad1 Rfc8 17. Qb1 Rc7 18. Nc4 Qc5 19. Rfe1 Bf6 20. Ncd2 Bg7 21. Ne4 Qe7 22. Bc4 a4 23. a3 Na5 24. Ba2 Nc4 25. Bxc4 Rxc4 26. Qd3 Rc7 27. Qd6 Qxd6 28. Rxd6 Bc6 29. Ng3 Bd5 30. Ne5 Bf8 31. Rd7 Rxd7 32. Nxd7 Bc6 33. Nxf8 Kxf8 34. Rd1 Ke7 35. f3 Ra5 36. Kf2 h5 37. Ne2 e5 38. Rd2 f5 39. g3 Rd5 40. Rxd5 Bxd5 41. Ke3 Kf6 42. Nc1 Bc4 43. f4 g5 44. h4 exf4+ 45. gxf4 gxh4 46. Kf2 Ke6 0-1

[Event "Zudov Memorial-B 4th"]
[Site "Nizhnij Tagil"]
[Date "2008.07.08"]
[Round "2"]
[White "Musakaev, Emil"]
[Black "Bunkov, Sergey"]
[Result "1/2-1/2"]
[WhiteElo "2357"]
[BlackElo "2364"]
[PlyCount "106"]
[EventDate "2008.07.07"]
[EventType "tourn"]
[EventRounds "9"]
[EventCountry "RUS"]
[SourceTitle "EXT 2022"]
[Source "ChessBase"]
[SourceDate "2021.10.06"]
[SourceVersion "1"]
[SourceVersionDate "2021.10.06"]
[SourceQuality "1"]

1. e4 e5 2. Nf3 Nc6 3. Bb5 Nf6 4. 0-0 d6 5. d4 exd4 6. Nxd4 Bd7 7. Bxc6 bxc6 8. Nc3 Be7 9. Bf4 0-0 10. e5 Nd5 11. Nxd5 cxd5 12. exd6 Bxd6 13. Bxd6 cxd6 14. Qd2 Qb6 15. b3 Rae8 16. a4 Re4 17. c3 Rc8 18. b4 h6 19. a5 Qc7 20. f3 Re5 21. b5 Qc5 22. Rfb1 Rb8 23. b6 axb6 24. a6 Ra8 25. Kh1 Ree8 26. h3 Ra7 27. Rb3 Rea8 28. Qe2 Re8 29. Qd3 Rea8 30. Rb4 b5 31. Nxb5 Rxa6 32. Rxa6 Rxa6 33. Nd4 Ra8 34. Rb7 Qc8 35. Rb4 Ra3 36. Ne2 Be6 37. Qb1 Ra8 38. Qd3 Qc5 39. Kh2 Rc8 40. Rb7 Qc4 41. Qe3 Qh4 42. Nd4 Qf6 43. f4 Bf5 44. Nxf5 Qxf5 45. Rb6 Qe4 46. Qd2 Qe6 47. Qd4 Rc4 48. Qd3 g6 49. Rb8+ Kg7 50. Rb5 Rxf4 51. Rxd5 Re4 52. Rxd6 Qe5+ 53. Kg1 Re3 1/2-1/2

[Event "Alapaevsk Neiva"]
[Site "Alapaevsk"]
[Date "2007.05.27"]
[Round "4"]
[White "Bunkov, Sergey"]
[Black "Orekhov, Evgeny"]
[Result "1/2-1/2"]
[WhiteElo "2314"]
[BlackElo "2450"]
[PlyCount "68"]
[EventDate "2007.05.27"]
[EventType "tourn"]
[EventRounds "13"]
[EventCountry "RUS"]
[EventCategory "1"]
[SourceTitle "EXT 2008"]
[Source "ChessBase"]
[SourceDate "2007.11.25"]
[SourceVersion "1"]
[SourceVersionDate "2007.11.25"]
[SourceQuality "1"]

1. e4 c5 2. Nf3 Nc6 3. d4 cxd4 4. Nxd4 e5 5. Nb5 d6 6. N1c3 a6 7. Na3 b5 8. Nd5 Nf6 9. Bg5 Qa5+ 10. Bd2 Qd8 11. Bg5 Be7 12. Bxf6 gxf6 13. Bd3 Rb8 14. 0-0 Be6 15. c3 f5 16. f3 Qd7 17. Nc2 Bd8 18. Ncb4 Nxb4 19. Nxb4 a5 20. Nc2 f4 21. Qe2 Qc6 22. Na3 Qc5+ 23. Kh1 b4 24. Nb5 Bd7 25. c4 Rg8 26. a3 h5 27. axb4 axb4 28. Ra4 h4 29. h3 Ke7 30. Qd2 Qe3 31. Qxe3 fxe3 32. Rxb4 Bb6 33. Ra1 Bd4 34. Kh2 Rg6 1/2-1/2

[Event "Alapaevsk Neiva"]
[Site "Alapaevsk"]
[Date "2007.05.27"]
[Round "3"]
[White "Khamitov, Alexander"]
[Black "Bunkov, Sergey"]
[Result "0-1"]
[WhiteElo "2312"]
[BlackElo "2314"]
[PlyCount "74"]
[EventDate "2007.05.27"]
[EventType "tourn"]
[EventRounds "13"]
[EventCountry "RUS"]
[EventCategory "1"]
[SourceTitle "EXT 2008"]
[Source "ChessBase"]
[SourceDate "2007.11.25"]
[SourceVersion "1"]
[SourceVersionDate "2007.11.25"]
[SourceQuality "1"]

1. d4 d5 2. Nf3 c6 3. c4 e6 4. Qc2 Nf6 5. e3 Nbd7 6. Bd3 Be7 7. 0-0 0-0 8. b3 b6 9. Bb2 Bb7 10. Nbd2 Rc8 11. Rad1 Qc7 12. Ne5 h6 13. f4 c5 14. Rde1 dxc4 15. bxc4 Rfd8 16. Qd1 Bf8 17. Qe2 g6 18. Qf2 Bg7 19. Qg3 Nxe5 20. fxe5 Nh5 21. Qh3 Bxe5 22. g4 Ng7 23. Nf3 Bxf3 24. Rxf3 cxd4 25. Qxh6 dxe3 26. Rh3 f5 27. Qh7+ Kf7 28. gxf5 Bxb2 29. fxe6+ Ke7 30. Rexe3 Rxd3 31. Rxd3 Qxc4 32. Qh4+ Qxh4 33. Rxh4 Nxe6 34. Re4 Rc1+ 35. Kf2 Rc2+ 36. Re2 Rxe2+ 37. Kxe2 Nf4+ 0-1

[Event "Alapaevsk Neiva"]
[Site "Alapaevsk"]
[Date "2007.05.27"]
[Round "11"]
[White "Romanenko, Vladimir"]
[Black "Bunkov, Sergey"]
[Result "1/2-1/2"]
[WhiteElo "2347"]
[BlackElo "2314"]
[PlyCount "131"]
[EventDate "2007.05.27"]
[EventType "tourn"]
[EventRounds "13"]
[EventCountry "RUS"]
[EventCategory "1"]
[SourceTitle "EXT 2008"]
[Source "ChessBase"]
[SourceDate "2007.11.25"]
[SourceVersion "1"]
[SourceVersionDate "2007.11.25"]
[SourceQuality "1"]

1. e4 c5 2. Nf3 Nc6 3. d4 cxd4 4. Nxd4 Nf6 5. Nc3 e6 6. Ndb5 Bb4 7. Bf4 Nxe4 8. Nc7+ Kf8 9. Qf3 Nxc3 10. bxc3 Qf6 11. 0-0-0 Ba3+ 12. Kb1 Rb8 13. Nb5 Bc5 14. Bxb8 Qxf3 15. gxf3 Nxb8 16. Nd6 Ke7 17. Nxc8+ Rxc8 18. Rg1 g6 19. Rg2 Bd6 20. Kb2 Be5 21. Rd3 Na6 22. Re3 d6 23. Bxa6 bxa6 24. Rg4 h5 25. Ra4 Bxh2 26. f4 Bg1 27. Rf3 Rh8 28. Re4 Rb8+ 29. Kc1 Bh2 30. Rh3 d5 31. Ra4 Bg1 32. Rf3 Rb6 33. Kd2 h4 34. Kd3 h3 35. Rxh3 Bxf2 36. c4 Bc5 37. cxd5 exd5 38. f5 gxf5 39. Rh5 Rg6 40. Rxf5 Rg3+ 41. Ke2 Rg2+ 42. Kd1 Rg1+ 43. Kd2 Ke6 44. Rf3 a5 45. Raf4 Rg7 46. Kd3 Bb6 47. Rf6+ Ke7 48. Rh6 Rg4 49. c3 Rg2 50. a3 Ra2 51. Rh7 Ke6 52. Rfxf7 Rxa3 53. Rb7 Kf6 54. Rhd7 Ke5 55. Rb8 Ke6 56. Rg7 d4 57. Rc8 a4 58. Rg6+ Kf5 59. Rd6 dxc3 60. Rxc3 Rxc3+ 61. Kxc3 Ke5 62. Rd1 a3 63. Kb3 Bc5 64. Kc4 Bd6 65. Rd5+ Ke6 66. Ra5 1/2-1/2